The credit crunch and regeneration (Record no. 109225)
[ view plain ]
| 000 -LEADER | |
|---|---|
| fixed length control field | 01687cad a22002775a 4500 |
| 001 - CONTROL NUMBER | |
| control field | L146578 |
| 008 - FIXED-LENGTH DATA ELEMENTS--GENERAL INFORMATION | |
| fixed length control field | 090204e20090130xxkd f s f000 0 eng d |
| 020 ## - INTERNATIONAL STANDARD BOOK NUMBER | |
| International Standard Book Number | 9781409810902 |
| 035 ## - SYSTEM CONTROL NUMBER | |
| System control number | (Sirsi) u146578 |
| 041 0# - LANGUAGE CODE | |
| Language code of text/sound track or separate title | eng |
| 050 04 - LIBRARY OF CONGRESS CALL NUMBER | |
| Classification number | 711.52 $2 18 |
| 100 1# - MAIN ENTRY--PERSONAL NAME | |
| Personal name | Parkinson, Michael |
| 245 04 - TITLE STATEMENT | |
| Title | The credit crunch and regeneration |
| Remainder of title | impact and implications |
| Medium | [electronic resource] |
| 260 ## - PUBLICATION, DISTRIBUTION, ETC. | |
| Place of publication, distribution, etc. | Wetherby |
| Name of publisher, distributor, etc. | DCLG |
| Date of publication, distribution, etc. | 2009 |
| 505 2# - FORMATTED CONTENTS NOTE | |
| Formatted contents note | What is the credit crunch and what has this report done on it? -- What has been the impact on commercial property? -- What has been the impact on housing markets? -- What has been the impact on partners and projects? -- What has been the impact on regeneration agencies? -- What has been the impact upon places? -- What might happen next? -- What are the policy implications? |
| 520 ## - SUMMARY, ETC. | |
| Summary, etc. | Independent report for government is aimed at a wide range of individuals working in regeneration, including practitioners, regional development agencies and economic development companies. It aims to assess the effects of the credit crunch on regeneration in England over the last year and seeks to explore both how the credit crunch has impacted upon this important sector and also what might happen next and the policy implications of predicted changes. |
| 521 ## - TARGET AUDIENCE NOTE | |
| Target audience note | Advanced |
| 590 ## - LOCAL NOTE (RLIN) | |
| Local note | KA NTK |
| 651 #4 - SUBJECT ADDED ENTRY--GEOGRAPHIC NAME | |
| Geographic name | England and Wales |
| Chronological subdivision | 1543- |
| 690 ## - LOCAL SUBJECT ADDED ENTRY--TOPICAL TERM (OCLC, RLIN) | |
| Topical term or geographic name as entry element | PROPERTY-PROPERTY MANAGEMENT-REGENERATION |
| 700 1# - ADDED ENTRY--PERSONAL NAME | |
| Personal name | Ball, Michael |
| 700 1# - ADDED ENTRY--PERSONAL NAME | |
| Personal name | Blake, Neil |
| 700 1# - ADDED ENTRY--PERSONAL NAME | |
| Personal name | Key, Tony |
| 856 40 - ELECTRONIC LOCATION AND ACCESS | |
| Uniform Resource Identifier | <a href="https://www.communities.gov.uk/publications/citiesandregions/creditcrunchregeneration">https://www.communities.gov.uk/publications/citiesandregions/creditcrunchregeneration</a> |
| Public note | View the item free of charge at www.communities.gov.uk... |
| 942 ## - ADDED ENTRY ELEMENTS (KOHA) | |
| Suppress in OPAC | 0 |
| Withdrawn status | Lost status | Source of classification or shelving scheme | Damaged status | Not for loan | Home library | Current library | Shelving location | Date acquired | Total Checkouts | Full call number | Barcode | Date last seen | Copy number | Price effective from | Koha item type |
|---|---|---|---|---|---|---|---|---|---|---|---|---|---|---|---|
| Dewey Decimal Classification | Virtual | Virtual | Online | 04/02/2009 | ONLINE PUBLICATION | 146578-1001 | 06/08/2019 | 1 | 06/08/2019 | Book |